New elements of Pali grammar / (Record no. 92814)

MARC details
000 -LEADER
fixed length control field 00569nam a22001817a 4500
005 - DATE AND TIME OF LATEST TRANSACTION
control field 20150608142858.0
010 ## - LCCN (DPL NO)
LC control number ENG-112647
020 ## - INTERNATIONAL STANDARD BOOK NUMBER
International Standard Book Number 9789380336541
Terms of availability 300.00
035 ## - SYSTEM CONTROL NUMBER
System control number EN-96179
037 ## - SOURCE OF ACQUISITION
Source of stock number/acquisition DBAD/PUB
082 ## - DEWEY DECIMAL CLASSIFICATION NUMBER
Classification number 491.375
100 ## - MAIN ENTRY--PERSONAL NAME
Personal name Barua, Dwijendra Lal
245 00 - TITLE STATEMENT
Title New elements of Pali grammar /
Statement of responsibility, etc by Dwijendra Lal Barua ; revised by Aiswarya Biswas
260 ## - PUBLICATION, DISTRIBUTION, ETC. (IMPRINT)
Place of publication, distribution, etc Kolkata
Name of publisher, distributor, etc Maha Bodhi Book Agency
Date of publication, distribution, etc 2012
270 ## - ADDRESS
Address 4-A, Bankim Chatterjee Street
City Kolkata
Postal code 700073
300 ## - PHYSICAL DESCRIPTION
Extent 271p.
Dimensions 22cm(Hb)
942 ## - ADDED ENTRY ELEMENTS (KOHA)
Source of classification or shelving scheme Dewey Decimal Classification
Item type English Books
Call number suffix BAR
Classification part 491.375
Holdings
Withdrawn status Lost status Not for loan Collection code Home library Current library Date acquired Source of acquisition Cost, normal purchase price Full call number Barcode Copy number Cost, replacement price Koha item type
    Not For Loan Non-fiction D.B.Act.Division D.B.Act.Division 09/04/2015 DBAD/PUB 300.00 491.375 BAR EN-96179 1 300.00 English Books

© Delhi Public Library
Hit Counter
free hit counter